[Event "Bundesliga 9495"]
[Site "Deutschland"]
[Date "1995.??.??"]
[Round "?.8"]
[White "Schlosser, Philipp"]
[Black "Schnaebele, Uwe"]
[Result "1-0"]
[WhiteElo "2505"]
[BlackElo "2245"]
[PlyCount "49"]
[EventDate "1994.10.??"]
[EventType "team"]
[EventRounds "15"]
[EventCountry "GER"]
[SourceTitle "Bundesliga 9495"]
[Source "DeepChess"]
[SourceDate "2005.01.01"]
[SourceVersion "1"]
[SourceVersionDate "2005.01.01"]
[SourceQuality "1"]
[WhiteTeam "FC Bayern Muenchen e.V."]
[BlackTeam "SV 1920 Hofheim"]
[WhiteTeamCountry "GER"]
[BlackTeamCountry "GER"]

1. Nf3 g6 2. d4 Bg7 3. c4 d6 4. Nc3 Bg4 5. e3 c6 6. Be2 Nf6 7. O-O O-O 8. h3
Bxf3 9. Bxf3 Nbd7 10. Rb1 Re8 11. b4 e5 12. b5 e4 13. bxc6 bxc6 14. Be2 Qc7 15.
Qa4 Rab8 16. Rb3 Rec8 17. Bd2 Bf8 18. Rfb1 Be7 19. Rxb8 Rxb8 20. Rxb8+ Nxb8 21.
Qc2 d5 22. cxd5 cxd5 23. Qb3 Qd6 24. Qb7 Qb6 25. Qxe7 1-0

[Event "Bundesliga 9495"]
[Site "Deutschland"]
[Date "1994.??.??"]
[Round "?.2"]
[White "King, Daniel J"]
[Black "Jussupow, Artur"]
[Result "0-1"]
[WhiteElo "2495"]
[BlackElo "2655"]
[PlyCount "80"]
[EventDate "1994.10.??"]
[EventType "team"]
[EventRounds "15"]
[EventCountry "GER"]
[SourceTitle "Bundesliga 9495"]
[Source "DeepChess"]
[SourceDate "2005.01.01"]
[SourceVersion "1"]
[SourceVersionDate "2005.01.01"]
[SourceQuality "1"]
[WhiteTeam "SV Castrop Rauxel 1923"]
[BlackTeam "FC Bayern Muenchen e.V."]
[WhiteTeamCountry "GER"]
[BlackTeamCountry "GER"]

1. g3 d5 2. Bg2 Nf6 3. d3 c6 4. Nf3 Bg4 5. Nbd2 Nbd7 6. h3 Bh5 7. O-O e5 8. e4
dxe4 9. dxe4 Be7 10. Qe1 O-O 11. Nh4 Re8 12. Nf5 Bf8 13. a4 Nc5 14. Nc4 b5 15.
axb5 cxb5 16. Na5 Ne6 17. Be3 Qc7 18. Qb1 Nc5 19. f3 Bg6 20. Nh4 Na4 21. Nb3
Red8 22. Nxg6 hxg6 23. c3 Nd7 24. Qc2 Ndb6 25. Rae1 Nc4 26. Bc1 a5 27. Kh1
Naxb2 28. Bxb2 a4 29. Bc1 axb3 30. Qxb3 Nd2 31. Bxd2 Rxd2 32. Rd1 Raa2 33. Rxd2
Rxd2 34. f4 exf4 35. e5 fxg3 36. e6 Qe5 37. exf7+ Kh7 38. Qb1 Rxg2 39. Kxg2
Qe2+ 40. Kxg3 Bd6+ 0-1

[Event "Bundesliga 9495"]
[Site "Deutschland"]
[Date "1994.??.??"]
[Round "?.4"]
[White "Libeau, Rene"]
[Black "Gabriel, Christian"]
[Result "1/2-1/2"]
[WhiteElo "2490"]
[BlackElo "2545"]
[PlyCount "80"]
[EventDate "1994.10.??"]
[EventType "team"]
[EventRounds "15"]
[EventCountry "GER"]
[SourceTitle "Bundesliga 9495"]
[Source "DeepChess"]
[SourceDate "2005.01.01"]
[SourceVersion "1"]
[SourceVersionDate "2005.01.01"]
[SourceQuality "1"]
[WhiteTeam "SV Castrop Rauxel 1923"]
[BlackTeam "FC Bayern Muenchen e.V."]
[WhiteTeamCountry "GER"]
[BlackTeamCountry "GER"]

1. c4 e5 2. Nc3 Nc6 3. g3 g6 4. Bg2 Bg7 5. d3 d6 6. Nf3 f5 7. Rb1 a5 8. a3 Nf6
9. O-O O-O 10. b4 axb4 11. axb4 h6 12. b5 Ne7 13. Bb2 Be6 14. Qc2 g5 15. Ra1
Rb8 16. Nd2 h5 17. Ra7 c6 18. bxc6 Nxc6 19. Raa1 Nd4 20. Qd1 b5 21. e3 bxc4 22.
Nxc4 Bxc4 23. dxc4 Rxb2 24. exd4 e4 25. Nb5 Ng4 26. h3 e3 27. Qc1 exf2+ 28. Kh1
Rb3 29. hxg4 Rxg3 30. Bd5+ Kh8 31. Rxf2 Rxg4 32. Qc2 f4 33. Re1 Rg3 34. Qg6
Rh3+ 35. Kg2 g4 36. Be4 f3+ 37. Kg1 Rh1+ 38. Kxh1 Qh4+ 39. Kg1 Qg3+ 40. Kh1
Qh4+ 1/2-1/2

[Event "Bundesliga 9495"]
[Site "Deutschland"]
[Date "1994.??.??"]
[Round "?.6"]
[White "Hermesmann, Hans"]
[Black "Stangl, Markus"]
[Result "0-1"]
[WhiteElo "2310"]
[BlackElo "2535"]
[PlyCount "50"]
[EventDate "1994.10.??"]
[EventType "team"]
[EventRounds "15"]
[EventCountry "GER"]
[SourceTitle "Bundesliga 9495"]
[Source "DeepChess"]
[SourceDate "2005.01.01"]
[SourceVersion "1"]
[SourceVersionDate "2005.01.01"]
[SourceQuality "1"]
[WhiteTeam "SV Castrop Rauxel 1923"]
[BlackTeam "FC Bayern Muenchen e.V."]
[WhiteTeamCountry "GER"]
[BlackTeamCountry "GER"]

1. d4 d5 2. c4 c6 3. Nc3 e5 4. dxe5 d4 5. Ne4 Qa5+ 6. Nd2 Nd7 7. Ngf3 Nxe5 8.
Nxd4 Nxc4 9. Qb3 Nd6 10. e3 Nf6 11. Be2 Be7 12. O-O O-O 13. Nc4 Nxc4 14. Qxc4
c5 15. Nb3 Qc7 16. e4 Be6 17. Qc2 Qe5 18. Nd2 Rac8 19. f4 Qd4+ 20. Kh1 c4 21.
e5 Ng4 22. Bxg4 Bxg4 23. h3 Be2 24. Nf3 Qd3 25. Qxd3 cxd3 0-1

[Event "Bundesliga 9495"]
[Site "Deutschland"]
[Date "1994.??.??"]
[Round "?.8"]
[White "Doering, Thomas"]
[Black "Bezold, Michael"]
[Result "0-1"]
[WhiteElo "2225"]
[BlackElo "2475"]
[PlyCount "72"]
[EventDate "1994.10.??"]
[EventType "team"]
[EventRounds "15"]
[EventCountry "GER"]
[SourceTitle "Bundesliga 9495"]
[Source "DeepChess"]
[SourceDate "2005.01.01"]
[SourceVersion "1"]
[SourceVersionDate "2005.01.01"]
[SourceQuality "1"]
[WhiteTeam "SV Castrop Rauxel 1923"]
[BlackTeam "FC Bayern Muenchen e.V."]
[WhiteTeamCountry "GER"]
[BlackTeamCountry "GER"]

1. d4 Nf6 2. c4 e6 3. Nc3 c5 4. d5 exd5 5. cxd5 Bd6 6. g3 O-O 7. Bg2 Re8 8. Nf3
Bc7 9. O-O d6 10. Qc2 Na6 11. a3 Bd7 12. Bf4 b5 13. Rfd1 Rb8 14. Ng5 h6 15.
Nge4 Bf5 16. Nxf6+ Qxf6 17. e4 Bg4 18. Re1 c4 19. h3 Bd7 20. Be3 Bb6 21. Kh2
Nc5 22. Re2 a5 23. Nd1 Nb3 24. Rb1 Bd4 25. Re1 Rec8 26. Bxd4 Nxd4 27. Qd2 Nb3
28. Qc2 Nd4 29. Qd2 b4 30. axb4 axb4 31. f4 c3 32. bxc3 bxc3 33. Nxc3 Nb3 34.
Rxb3 Rxb3 35. Ne2 Rb2 36. Qd4 Rxe2 0-1

[Event "Bundesliga 9495"]
[Site "Deutschland"]
[Date "1995.??.??"]
[Round "?.1"]
[White "Huebner, Robert"]
[Black "Kramnik, Vladimir"]
[Result "1/2-1/2"]
[WhiteElo "2620"]
[BlackElo "2715"]
[PlyCount "23"]
[EventDate "1994.10.??"]
[EventType "team"]
[EventRounds "15"]
[EventCountry "GER"]
[SourceTitle "Bundesliga 9495"]
[Source "DeepChess"]
[SourceDate "2005.01.01"]
[SourceVersion "1"]
[SourceVersionDate "2005.01.01"]
[SourceQuality "1"]
[WhiteTeam "FC Bayern Muenchen e.V."]
[BlackTeam "SV Empor Berlin e.V."]
[WhiteTeamCountry "GER"]
[BlackTeamCountry "GER"]

1. d4 d5 2. c4 c6 3. Nf3 Nf6 4. e3 Bf5 5. Bd3 e6 6. Nc3 Bg6 7. O-O Nbd7 8. Qe2
Ne4 9. Nd2 Ndf6 10. f3 Nxd2 11. Bxd2 Be7 12. Rfd1 1/2-1/2

[Event "Bundesliga 9495"]
[Site "Deutschland"]
[Date "1995.??.??"]
[Round "?.3"]
[White "Hjartarson, Johann"]
[Black "Lobron, Eric"]
[Result "0-1"]
[WhiteElo "2590"]
[BlackElo "2575"]
[PlyCount "94"]
[EventDate "1994.10.??"]
[EventType "team"]
[EventRounds "15"]
[EventCountry "GER"]
[SourceTitle "Bundesliga 9495"]
[Source "DeepChess"]
[SourceDate "2005.01.01"]
[SourceVersion "1"]
[SourceVersionDate "2005.01.01"]
[SourceQuality "1"]
[WhiteTeam "FC Bayern Muenchen e.V."]
[BlackTeam "SV Empor Berlin e.V."]
[WhiteTeamCountry "GER"]
[BlackTeamCountry "GER"]

1. d4 Nf6 2. c4 e6 3. Nf3 Bb4+ 4. Nbd2 d5 5. Qa4+ Nc6 6. a3 Bxd2+ 7. Bxd2 Bd7
8. Qc2 Ne4 9. e3 a5 10. Bd3 f5 11. O-O O-O 12. b4 Be8 13. b5 Ne7 14. Rfc1 c6
15. bxc6 Bxc6 16. Ne5 Nxd2 17. Qxd2 Ng6 18. Nxc6 bxc6 19. Rab1 Rf7 20. cxd5
cxd5 21. f4 Nf8 22. Rc5 g5 23. fxg5 Qxg5 24. Rf1 Rg7 25. Rf3 Qd8 26. a4 h5 27.
Bb5 h4 28. Rc6 Nh7 29. Kh1 Ng5 30. Rf4 Ne4 31. Qc2 Qe7 32. Bd3 h3 33. g3 Ng5
34. Rf1 Rb8 35. Rc5 Qd8 36. Rc1 Ne4 37. Bxe4 fxe4 38. Qe2 Qg5 39. Rxa5 Rf7 40.
Rb5 Rbf8 41. Kg1 Rf3 42. Rb3 e5 43. dxe5 d4 44. Qa6 Rxg3+ 45. Kh1 Qf5 46. Qe2
d3 47. Qd1 Qf2 0-1

[Event "Bundesliga 9495"]
[Site "Deutschland"]
[Date "1995.??.??"]
[Round "?.4"]
[White "Luther, Thomas"]
[Black "Kindermann, Stefan"]
[Result "1-0"]
[WhiteElo "2550"]
[BlackElo "2585"]
[PlyCount "81"]
[EventDate "1994.10.??"]
[EventType "team"]
[EventRounds "15"]
[EventCountry "GER"]
[SourceTitle "Bundesliga 9495"]
[Source "DeepChess"]
[SourceDate "2005.01.01"]
[SourceVersion "1"]
[SourceVersionDate "2005.01.01"]
[SourceQuality "1"]
[WhiteTeam "SV Empor Berlin e.V."]
[BlackTeam "FC Bayern Muenchen e.V."]
[WhiteTeamCountry "GER"]
[BlackTeamCountry "GER"]

1. e4 d5 2. exd5 Qxd5 3. Nc3 Qa5 4. Nf3 Nf6 5. d4 c6 6. Bc4 Bf5 7. Bd2 e6 8.
Qe2 Bb4 9. O-O-O Nbd7 10. Kb1 Nb6 11. Bb3 Nbd5 12. Nxd5 cxd5 13. Nh4 Bg6 14.
Nxg6 hxg6 15. c3 Be7 16. c4 Qa6 17. Rhe1 Rd8 18. Bg5 O-O 19. cxd5 Nxd5 20. Qxa6
bxa6 21. Bxe7 Nxe7 22. d5 Nxd5 23. Bxd5 exd5 24. Re5 Rfe8 25. Rdxd5 Kf8 26.
Rxd8 Rxd8 27. Kc2 Rc8+ 28. Kd2 Rc6 29. h4 f6 30. Ra5 Ke7 31. g3 Kd6 32. b3 Kc7
33. Ra4 f5 34. Rc4 Kd6 35. Rxc6+ Kxc6 36. Ke3 Kb5 37. Kf4 Kb4 38. Kg5 Ka3 39.
Kxg6 Kxa2 40. Kxg7 Kxb3 41. h5 1-0

[Event "Bundesliga 9495"]
[Site "Deutschland"]
[Date "1995.??.??"]
[Round "?.5"]
[White "Gabriel, Christian"]
[Black "Rabiega, Robert"]
[Result "0-1"]
[WhiteElo "2535"]
[BlackElo "2460"]
[PlyCount "82"]
[EventDate "1994.10.??"]
[EventType "team"]
[EventRounds "15"]
[EventCountry "GER"]
[SourceTitle "Bundesliga 9495"]
[Source "DeepChess"]
[SourceDate "2005.01.01"]
[SourceVersion "1"]
[SourceVersionDate "2005.01.01"]
[SourceQuality "1"]
[WhiteTeam "FC Bayern Muenchen e.V."]
[BlackTeam "SV Empor Berlin e.V."]
[WhiteTeamCountry "GER"]
[BlackTeamCountry "GER"]

1. d4 d5 2. c4 e6 3. Nc3 Nf6 4. Nf3 dxc4 5. e4 Bb4 6. Bg5 c5 7. Bxc4 cxd4 8.
Nxd4 Bxc3+ 9. bxc3 Qa5 10. Bb5+ Nbd7 11. Bxf6 Qxc3+ 12. Kf1 gxf6 13. h4 Qa5 14.
Rc1 Ke7 15. Rh3 Rd8 16. Rhc3 Ne5 17. f4 Ng6 18. a4 Qb6 19. Qb3 Kf8 20. Qa3+ Ne7
21. Ne2 a6 22. Bc4 Bd7 23. a5 Qa7 24. Rb3 Bc6 25. Qb2 Ng8 26. Qa3+ Ne7 27. Qb2
Bxe4 28. Qxf6 Rac8 29. Rb6 Bd5 30. Bxd5 Nxd5 31. Rxc8 Nxf6 32. Rxd8+ Ke7 33.
Rd3 Nd5 34. Rbb3 Qc5 35. Rxb7+ Kf6 36. Rbb3 Qxa5 37. g3 Qa1+ 38. Kg2 Qe1 39.
Nd4 Nb4 40. Re3 Qd2+ 41. Re2 Qxd4 0-1

[Event "Bundesliga 9495"]
[Site "Deutschland"]
[Date "1995.??.??"]
[Round "?.6"]
[White "Muse, Mladen"]
[Black "Stangl, Markus"]
[Result "0-1"]
[WhiteElo "2435"]
[BlackElo "2540"]
[PlyCount "106"]
[EventDate "1994.10.??"]
[EventType "team"]
[EventRounds "15"]
[EventCountry "GER"]
[SourceTitle "Bundesliga 9495"]
[Source "DeepChess"]
[SourceDate "2005.01.01"]
[SourceVersion "1"]
[SourceVersionDate "2005.01.01"]
[SourceQuality "1"]
[WhiteTeam "SV Empor Berlin e.V."]
[BlackTeam "FC Bayern Muenchen e.V."]
[WhiteTeamCountry "GER"]
[BlackTeamCountry "GER"]

1. d4 d5 2. c4 e6 3. Nc3 c6 4. cxd5 exd5 5. Bf4 Bd6 6. Bg3 Ne7 7. e3 Nf5 8. Bd3
Nxg3 9. hxg3 Nd7 10. Nge2 Nf6 11. Qc2 Qe7 12. Bf5 Bxf5 13. Qxf5 g6 14. Qd3 Ng4
15. Nf4 O-O-O 16. Qe2 h5 17. O-O-O Kb8 18. Kb1 Rde8 19. Ka1 Qg5 20. Rb1 Nf6 21.
Nd3 Ne4 22. Rh3 a6 23. Rbh1 Rhf8 24. Qc2 Qf5 25. Rc1 Re6 26. Nf4 Re7 27. Rhh1
Rfe8 28. a3 Rc7 29. Nxe4 dxe4 30. Qb3 Rd8 31. Rc2 h4 32. Rhc1 g5 33. Nh3 Ka7
34. Ng1 Rg8 35. d5 c5 36. a4 Rb8 37. a5 b5 38. axb6+ Rxb6 39. Qa2 hxg3 40. fxg3
Rcb7 41. Ne2 Rb4 42. Nc3 Qd7 43. Nb1 Ra4 44. Na3 Be5 45. Rd2 Rbb4 46. Kb1 c4
47. d6 c3 48. Rd5 Bf6 49. Rc2 Rb7 50. Rd1 cxb2 51. Rc5 Qg4 52. Rcd5 Qc8 53. d7
Qc3 0-1

[Event "Bundesliga 9495"]
[Site "Deutschland"]
[Date "1995.??.??"]
[Round "?.7"]
[White "Bischoff, Klaus"]
[Black "Poldauf, Dirk"]
[Result "1/2-1/2"]
[WhiteElo "2525"]
[BlackElo "2425"]
[PlyCount "102"]
[EventDate "1994.10.??"]
[EventType "team"]
[EventRounds "15"]
[EventCountry "GER"]
[SourceTitle "Bundesliga 9495"]
[Source "DeepChess"]
[SourceDate "2005.01.01"]
[SourceVersion "1"]
[SourceVersionDate "2005.01.01"]
[SourceQuality "1"]
[WhiteTeam "FC Bayern Muenchen e.V."]
[BlackTeam "SV Empor Berlin e.V."]
[WhiteTeamCountry "GER"]
[BlackTeamCountry "GER"]

1. b3 Nf6 2. Bb2 d6 3. Bxf6 exf6 4. e3 g6 5. c4 Bg7 6. Nc3 O-O 7. g3 f5 8. Nge2
Nd7 9. Bg2 Nf6 10. O-O Rb8 11. d4 Bd7 12. b4 c6 13. Qd3 Re8 14. Rab1 Qe7 15. b5
c5 16. dxc5 dxc5 17. Nf4 Be6 18. Ncd5 Bxd5 19. Nxd5 Nxd5 20. Bxd5 b6 21. Rb3
Rbd8 22. Ra3 Be5 23. Ra6 Bb8 24. a4 h5 25. a5 Rd6 26. axb6 axb6 27. Qe2 Red8
28. Qf3 Kg7 29. Kg2 h4 30. Rd1 Qf6 31. Rd3 g5 32. Qd1 hxg3 33. hxg3 Rh8 34. Qa1
Qxa1 35. Rxa1 Rdh6 36. Kg1 f4 37. exf4 gxf4 38. Re1 fxg3 39. fxg3 Rf6 40. Re7
Bd6 41. Rd7 Be5 42. Kg2 Rhh6 43. Re3 Bd4 44. Rf3 Rxf3 45. Bxf3 Rf6 46. Rb7 Bc3
47. Kf2 Ba5 48. Ke2 Re6+ 49. Kf2 Rf6 50. Ke2 Re6+ 51. Kf2 Rf6 1/2-1/2

[Event "Bundesliga 9495"]
[Site "Deutschland"]
[Date "1995.??.??"]
[Round "?.8"]
[White "Volke, Karsten"]
[Black "Schlosser, Philipp"]
[Result "1/2-1/2"]
[WhiteElo "2440"]
[BlackElo "2505"]
[PlyCount "160"]
[EventDate "1994.10.??"]
[EventType "team"]
[EventRounds "15"]
[EventCountry "GER"]
[SourceTitle "Bundesliga 9495"]
[Source "DeepChess"]
[SourceDate "2005.01.01"]
[SourceVersion "1"]
[SourceVersionDate "2005.01.01"]
[SourceQuality "1"]
[WhiteTeam "SV Empor Berlin e.V."]
[BlackTeam "FC Bayern Muenchen e.V."]
[WhiteTeamCountry "GER"]
[BlackTeamCountry "GER"]

1. d4 Nf6 2. c4 e6 3. Nc3 Bb4 4. e3 O-O 5. Nge2 d5 6. a3 Be7 7. cxd5 exd5 8. g3
c6 9. Bg2 a5 10. O-O Na6 11. f3 b5 12. g4 h6 13. Bd2 Re8 14. Be1 b4 15. axb4
Nxb4 16. Bg3 Ba6 17. Na4 Nd3 18. Qd2 Bb4 19. Nec3 Ra7 20. Bh4 Qe7 21. Rfd1
Qxe3+ 22. Qxe3 Rxe3 23. Na2 Bd6 24. Nc1 Nf4 25. Nc5 Be2 26. Bf2 Bxf3 27. Bxe3
Bxd1 28. h3 Bc2 29. Bf1 Ne4 30. b4 a4 31. Ra2 Bd1 32. Nxe4 dxe4 33. d5 Rc7 34.
Rd2 Bb3 35. dxc6 Rxc6 36. Rxd6 Rxd6 37. Bxf4 Rd1 38. Kf2 Be6 39. b5 g5 40. Be3
a3 41. b6 a2 42. b7 a1=Q 43. b8=Q+ Kh7 44. Bg2 Rxc1 45. Bxc1 Qxc1 46. Bxe4+ Kg7
47. Qe5+ Kg8 48. Qb8+ Qc8 49. Qxc8+ Bxc8 50. Kg3 h5 51. Bf3 Kg7 52. Bd1 h4+ 53.
Kf2 Kf6 54. Bf3 Ke5 55. Bd1 Be6 56. Be2 Kf4 57. Bf3 Bb3 58. Be2 Bd5 59. Bd1 Bc4
60. Bc2 f6 61. Bf5 Bb3 62. Bd3 Bd1 63. Bf5 Bf3 64. Bd7 Bd5 65. Bc8 Be4 66. Ba6
Ke5 67. Bb5 Bd5 68. Ba6 Be6 69. Bb5 Kf4 70. Be2 Bc8 71. Bf3 Ba6 72. Bd1 Bd3 73.
Bb3 Be4 74. Bc4 f5 75. gxf5 Bxf5 76. Kg2 Be4+ 77. Kh2 Kf3 78. Be6 Kf2 79. Bc8
Bg2 80. Bd7 Bxh3 1/2-1/2

[Event "Bundesliga 9495"]
[Site "Deutschland"]
[Date "1994.??.??"]
[Round "?.2"]
[White "Enders, Peter"]
[Black "Jussupow, Artur"]
[Result "0-1"]
[WhiteElo "2450"]
[BlackElo "2655"]
[PlyCount "34"]
[EventDate "1994.10.??"]
[EventType "team"]
[EventRounds "15"]
[EventCountry "GER"]
[SourceTitle "Bundesliga 9495"]
[Source "DeepChess"]
[SourceDate "2005.01.01"]
[SourceVersion "1"]
[SourceVersionDate "2005.01.01"]
[SourceQuality "1"]
[WhiteTeam "SV Erfurt West 90"]
[BlackTeam "FC Bayern Muenchen e.V."]
[WhiteTeamCountry "GER"]
[BlackTeamCountry "GER"]

1. e4 e5 2. Nf3 Nf6 3. d4 Nxe4 4. Bd3 d5 5. Nxe5 Nd7 6. Nxd7 Bxd7 7. O-O Be7 8.
c3 O-O 9. Qc2 Bd6 10. Bxe4 dxe4 11. Qxe4 Bb5 12. c4 Bxc4 13. Re1 Bd5 14. Qd3
Qh4 15. h3 Rae8 16. Rd1 Be4 17. Qc4 Bf3 0-1

[Event "Bundesliga 9495"]
[Site "Deutschland"]
[Date "1994.??.??"]
[Round "?.3"]
[White "Ribli, Zoltan"]
[Black "Casper, Thomas"]
[Result "1-0"]
[WhiteElo "2605"]
[BlackElo "2435"]
[PlyCount "87"]
[EventDate "1994.10.??"]
[EventType "team"]
[EventRounds "15"]
[EventCountry "GER"]
[SourceTitle "Bundesliga 9495"]
[Source "DeepChess"]
[SourceDate "2005.01.01"]
[SourceVersion "1"]
[SourceVersionDate "2005.01.01"]
[SourceQuality "1"]
[WhiteTeam "FC Bayern Muenchen e.V."]
[BlackTeam "SV Erfurt West 90"]
[WhiteTeamCountry "GER"]
[BlackTeamCountry "GER"]

1. Nf3 Nf6 2. c4 d6 3. d4 Nbd7 4. Nc3 e5 5. e4 Be7 6. Be2 O-O 7. O-O c6 8. Be3
a6 9. d5 c5 10. Ne1 Ne8 11. Qd2 h6 12. g3 Nc7 13. a4 f5 14. exf5 Rxf5 15. Nd3
Rf8 16. b4 cxb4 17. Nxb4 Nf6 18. f3 Nh7 19. Ne4 Ne8 20. Nd3 Nef6 21. Ndf2 Nxe4
22. Nxe4 Bf5 23. c5 Bxe4 24. cxd6 Qxd6 25. fxe4 Bg5 26. Bg4 Rxf1+ 27. Rxf1 Qa3
28. Rf3 Qxa4 29. d6 Qxe4 30. Be6+ Kh8 31. Qf2 Bxe3 32. Rxe3 Qd4 33. Re2 Nf6 34.
d7 Qxf2+ 35. Rxf2 Rd8 36. Rc2 Nxd7 37. Rd2 g5 38. Rxd7 Rxd7 39. Bxd7 Kg7 40.
Bc8 Kf6 41. Kf2 a5 42. Bxb7 a4 43. Kf3 a3 44. Bd5 1-0

[Event "Bundesliga 9495"]
[Site "Deutschland"]
[Date "1994.??.??"]
[Round "?.4"]
[White "Jasnikowski, Zbigniew"]
[Black "Kindermann, Stefan"]
[Result "1/2-1/2"]
[WhiteElo "2445"]
[BlackElo "2560"]
[PlyCount "63"]
[EventDate "1994.10.??"]
[EventType "team"]
[EventRounds "15"]
[EventCountry "GER"]
[SourceTitle "Bundesliga 9495"]
[Source "DeepChess"]
[SourceDate "2005.01.01"]
[SourceVersion "1"]
[SourceVersionDate "2005.01.01"]
[SourceQuality "1"]
[WhiteTeam "SV Erfurt West 90"]
[BlackTeam "FC Bayern Muenchen e.V."]
[WhiteTeamCountry "GER"]
[BlackTeamCountry "GER"]

1. d4 Nf6 2. c4 e6 3. Nf3 b6 4. g3 Bb4+ 5. Bd2 a5 6. Bg2 O-O 7. O-O Ba6 8. b3
c6 9. Bg5 d5 10. c5 h6 11. Bc1 Ne4 12. Bb2 Qf6 13. Qc2 a4 14. cxb6 axb3 15.
axb3 Qd8 16. Ne5 Nf6 17. Nc3 Qxb6 18. Na4 Qc7 19. Rfc1 Bb5 20. Nc5 Rxa1 21.
Rxa1 Nbd7 22. Na6 Qd6 23. Nxb4 Qxb4 24. Bc3 Qd6 25. b4 Qb8 26. Nd3 Nb6 27. Nc5
Nfd7 28. e4 dxe4 29. Bxe4 Nf6 30. Bg2 Nbd5 31. Bd2 Rd8 32. h3 1/2-1/2

[Event "Bundesliga 9495"]
[Site "Deutschland"]
[Date "1994.??.??"]
[Round "?.7"]
[White "Stangl, Markus"]
[Black "Voekler, Bernd"]
[Result "1-0"]
[WhiteElo "2535"]
[BlackElo "2350"]
[PlyCount "81"]
[EventDate "1994.10.??"]
[EventType "team"]
[EventRounds "15"]
[EventCountry "GER"]
[SourceTitle "Bundesliga 9495"]
[Source "DeepChess"]
[SourceDate "2005.01.01"]
[SourceVersion "1"]
[SourceVersionDate "2005.01.01"]
[SourceQuality "1"]
[WhiteTeam "FC Bayern Muenchen e.V."]
[BlackTeam "SV Erfurt West 90"]
[WhiteTeamCountry "GER"]
[BlackTeamCountry "GER"]

1. d4 Nf6 2. Nf3 g6 3. Bg5 Bg7 4. c3 d5 5. Nbd2 O-O 6. e3 Nbd7 7. Be2 b6 8. O-O
Bb7 9. a4 h6 10. Bh4 Ne4 11. Nxe4 dxe4 12. Nd2 Qe8 13. a5 e5 14. Qa4 exd4 15.
cxd4 Qe6 16. Rfc1 Rac8 17. axb6 axb6 18. Qa7 Bd5 19. Ba6 c5 20. Bxc8 Rxc8 21.
Qa3 f5 22. dxc5 bxc5 23. Qa6 Rc6 24. Qa8+ Kh7 25. Rc2 Rb6 26. Qd8 Rb7 27. Bg3
Bxb2 28. Rb1 Bf6 29. Qc8 Ra7 30. h3 g5 31. Rbc1 h5 32. h4 gxh4 33. Bf4 Ra8 34.
Qc7 Be7 35. Nc4 Bxc4 36. Rxc4 Rg8 37. Rd1 Nf8 38. Rd6 Qf7 39. Rh6+ Kg7 40. Rxc5
Ng6 41. Rc6 1-0

[Event "Bundesliga 9495"]
[Site "Deutschland"]
[Date "1994.??.??"]
[Round "?.8"]
[White "Machelett, Heiko"]
[Black "Schlosser, Philipp"]
[Result "1-0"]
[WhiteElo "2240"]
[BlackElo "2510"]
[PlyCount "153"]
[EventDate "1994.10.??"]
[EventType "team"]
[EventRounds "15"]
[EventCountry "GER"]
[SourceTitle "Bundesliga 9495"]
[Source "DeepChess"]
[SourceDate "2005.01.01"]
[SourceVersion "1"]
[SourceVersionDate "2005.01.01"]
[SourceQuality "1"]
[WhiteTeam "SV Erfurt West 90"]
[BlackTeam "FC Bayern Muenchen e.V."]
[WhiteTeamCountry "GER"]
[BlackTeamCountry "GER"]

1. d4 Nf6 2. c4 e6 3. Nc3 Bb4 4. e3 O-O 5. Nge2 d5 6. a3 Be7 7. cxd5 exd5 8. g3
c6 9. Bg2 Na6 10. O-O Re8 11. h3 Nc7 12. g4 h6 13. Ng3 Bd6 14. f4 a5 15. Qf3
Ne6 16. Nf5 Bc7 17. Bd2 b6 18. Rfd1 Nf8 19. Ng3 Ng6 20. Rac1 Nh4 21. Qf2 Nxg2
22. Qxg2 Ba6 23. Kh1 Qd7 24. Rg1 Bd3 25. Rcd1 Ne4 26. Bc1 Nxg3+ 27. Qxg3 Be4+
28. Nxe4 Rxe4 29. Qf3 Rae8 30. g5 hxg5 31. Rxg5 Bd8 32. Qg4 Qxg4 33. Rxg4 f5
34. Rg2 a4 35. Re2 R4e6 36. Kh2 Kf7 37. Rg2 Rh6 38. Rdg1 Bf6 39. Rc2 Rc8 40.
Bd2 Ke6 41. Rgc1 Kd7 42. Be1 Be7 43. Rg2 Rch8 44. Rg3 R8h7 45. Bb4 c5 46. dxc5
bxc5 47. Bc3 g6 48. Rd1 Kc6 49. Be5 Bd6 50. Bxd6 Kxd6 51. Rdg1 Kc7 52. R1g2 Rh8
53. Rxg6 Rxh3+ 54. Kg1 Rxe3 55. Rf6 Rhe8 56. Rgg6 Re1+ 57. Kf2 R8e2+ 58. Kf3
Re3+ 59. Kf2 R1e2+ 60. Kf1 Rxb2 61. Rg7+ Kd8 62. Ra6 Kc8 63. Ra8+ Rb8 64. Rg8+
Kc7 65. Rgxb8 Rxa3 66. Rb5 Kc6 67. Rba5 d4 68. Rc8+ Kd5 69. Rcxc5+ Ke4 70. Rc4
Ra1+ 71. Kf2 Ra2+ 72. Kg3 Ra3+ 73. Kh4 Kxf4 74. Rxd4+ Ke3 75. Rdxa4 Rxa4+ 76.
Rxa4 f4 77. Kg4 1-0

[Event "Bundesliga 9495"]
[Site "Deutschland"]
[Date "1995.??.??"]
[Round "?.1"]
[White "Horvath, Tamas"]
[Black "Ribli, Zoltan"]
[Result "1/2-1/2"]
[WhiteElo "2410"]
[BlackElo "2600"]
[PlyCount "48"]
[EventDate "1994.10.??"]
[EventType "team"]
[EventRounds "15"]
[EventCountry "GER"]
[SourceTitle "Bundesliga 9495"]
[Source "DeepChess"]
[SourceDate "2005.01.01"]
[SourceVersion "1"]
[SourceVersionDate "2005.01.01"]
[SourceQuality "1"]
[WhiteTeam "SV Tuebingen 1870 e.V."]
[BlackTeam "FC Bayern Muenchen e.V."]
[WhiteTeamCountry "GER"]
[BlackTeamCountry "GER"]

1. e4 c5 2. Nf3 e6 3. d4 cxd4 4. Nxd4 a6 5. Nc3 Qc7 6. g3 Nf6 7. Bg2 Be7 8. O-O
d6 9. Re1 O-O 10. Be3 Nc6 11. Nxc6 bxc6 12. Na4 Bb7 13. c4 c5 14. Nc3 Nd7 15.
b3 Rad8 16. Rc1 Bf6 17. f4 Rfe8 18. Ne2 g6 19. Qd2 Bg7 20. Rcd1 Nf6 21. Qc2 Qc6
22. Bc1 Nxe4 23. Nc3 d5 24. Nxe4 dxe4 1/2-1/2